[Event "8th Asrian Memorial 2015"]
[Site "Yerevan ARM"]
[Date "2015.06.23"]
[Round "8.4"]
[White "Efimenko, Zahar"]
[Black "Zhigalko, Andrey"]
[Result "1-0"]
[WhiteTitle "GM"]
[BlackTitle "GM"]
[WhiteElo "2647"]
[BlackElo "2586"]
[WhiteFideId "14107201"]
[BlackFideId "13502247"]
[EventDate "2015.06.16"]

1. e4 c5 2. Nf3 d6 3. d4 cxd4 4. Nxd4 Nf6 5. Nc3 a6 6. Bc4 e6 7. a3 Be7 8. Ba2
O-O 9. O-O b5 10. Qd3 Qb6 11. Be3 Qb7 12. Rad1 Nbd7 13. f3 Re8 14. Qe2 Bf8 15.
Bg5 Qb6 16. Kh1 Bb7 17. f4 Rac8 18. f5 e5 19. Ne6 Rxc3 20. bxc3 Nxe4 21. Be3
Nxc3 22. Bxb6 Nxe2 23. Nd8 d5 24. Bc7 Nc3 25. Nxb7 Nxa2 26. Rxd5 Nf6 27. Rxe5
Rc8 28. Bd6 Rxc2 29. Rc5 Rxc5 30. Bxc5 Ne4 31. Bd4 f6 32. Re1 Nac3 33. Bxc3 Nxc3
34. Re8 Nd5 35. Ra8 Nc7 36. Rd8 g6 37. g4 h5 38. h3 hxg4 39. hxg4 gxf5 40. gxf5
b4 41. axb4 Nb5 42. Nc5 Kf7 43. Nxa6 Nd6 44. Rb8 Nxf5 45. b5 Bd6 46. Rh8 1-0

[Event "8th Asrian Memorial 2015"]
[Site "Yerevan ARM"]
[Date "2015.06.23"]
[Round "8.5"]
[White "Ter-Sahakyan, Samvel"]
[Black "Khismatullin, Denis"]
[Result "1-0"]
[WhiteTitle "GM"]
[BlackTitle "GM"]
[WhiteElo "2586"]
[BlackElo "2646"]
[WhiteFideId "13302531"]
[BlackFideId "4142578"]
[EventDate "2015.06.16"]

1. e4 c5 2. Nf3 d6 3. d4 cxd4 4. Nxd4 Nf6 5. Nc3 a6 6. Be3 e5 7. Nb3 Be7 8. f3
h5 9. Qd2 Be6 10. Be2 Nbd7 11. Nd5 Nxd5 12. exd5 Bf5 13. Na5 O-O 14. O-O Qc7 15.
c4 Rfe8 16. Rac1 h4 17. h3 Nf6 18. b4 Rad8 19. Bd1 Nh5 20. c5 Ng3 21. Re1 Qd7
22. c6 bxc6 23. Ba4 Bf6 24. Bxc6 Qe7 25. Bxe8 Rxe8 26. Nc6 Qb7 27. a4 Bd7 28.
Rc4 Rc8 29. Rec1 Re8 30. Kh2 e4 31. f4 Nf5 32. Rb1 Qa8 33. Rb3 Ng3 34. Qe1 Nf5
35. b5 axb5 36. axb5 Qa2 37. Rcb4 Bc8 38. Qd2 Qa1 39. Rb1 Qa8 40. R4b3 Bb7 41.
b6 Ne7 42. Rb5 Qc8 43. Rc1 Qd7 44. Nxe7+ Bxe7 45. Ra5 Bd8 46. Ra7 Re7 47. Rc7 1-0

[Event "8th Asrian Memorial 2015"]
[Site "Yerevan ARM"]
[Date "2015.06.23"]
[Round "8.6"]
[White "Harutyunian, Tigran K."]
[Black "Andriasian, Zaven"]
[Result "1/2-1/2"]
[WhiteTitle "IM"]
[BlackTitle "GM"]
[WhiteElo "2472"]
[BlackElo "2600"]
[WhiteFideId "13303635"]
[BlackFideId "13302000"]
[EventDate "2015.06.16"]

1. Nf3 Nf6 2. c4 c6 3. d4 d5 4. e3 g6 5. Nc3 Bg7 6. Bd3 O-O 7. O-O Bf5 8. Bxf5
gxf5 9. cxd5 cxd5 10. Qb3 b6 11. Ne5 e6 12. Bd2 Nfd7 13. Nd3 Nc6 14. Qa4 Na5 15.
b3 a6 16. Ne2 Nb7 17. Qc6 Rb8 18. Rac1 a5 19. Nc3 Nf6 20. f3 Nd6 21. Nb5 Nfe8
22. Nxd6 Nxd6 23. Qa4 Qe7 24. Rc6 Rfc8 25. Rfc1 Rxc6 26. Rxc6 Bf8 27. Rc1 Qd8
28. Ne5 1/2-1/2

[Event "8th Asrian Memorial 2015"]
[Site "Yerevan ARM"]
[Date "2015.06.23"]
[Round "8.7"]
[White "Grigoryan, Karen H."]
[Black "Petrosyan, Manuel"]
[Result "1/2-1/2"]
[WhiteTitle "GM"]
[BlackTitle "IM"]
[WhiteElo "2590"]
[BlackElo "2449"]
[WhiteFideId "13301004"]
[BlackFideId "13300857"]
[EventDate "2015.06.16"]

1. e4 e5 2. Nf3 Nc6 3. Bb5 Nf6 4. Nc3 Bb4 5. O-O O-O 6. d3 d6 7. Bxc6 bxc6 8.
Ne2 Re8 9. Ng3 d5 10. Qe2 Bd6 11. h3 h6 12. Nh2 Be6 13. Ng4 Nxg4 14. hxg4 Qh4
15. Nf5 Bxf5 16. gxf5 Bc5 17. Be3 Bb6 18. f3 Rab8 19. Rab1 a5 20. Bf2 Qe7 21. g4
Rb7 22. Kg2 Bxf2 23. Qxf2 Reb8 24. b3 f6 25. f4 dxe4 26. fxe5 Qxe5 27. Rbe1 Rb4
28. c4 a4 29. Rxe4 Qc3 30. Qe2 axb3 31. a3 Ra4 32. Re8+ Rxe8 33. Qxe8+ Kh7 34.
Qg6+ Kg8 35. Qe8+ 1/2-1/2

[Event "8th Asrian Memorial 2015"]
[Site "Yerevan ARM"]
[Date "2015.06.23"]
[Round "8.8"]
[White "Vardanian, Haik G."]
[Black "Vuilleumier, Alexandre"]
[Result "1-0"]
[WhiteTitle "FM"]
[BlackTitle "IM"]
[WhiteElo "2315"]
[BlackElo "2354"]
[WhiteFideId "13303562"]
[BlackFideId "1305662"]
[EventDate "2015.06.16"]

1. c4 e5 2. Nc3 Bb4 3. Nd5 Be7 4. e3 Nf6 5. Nxe7 Qxe7 6. Ne2 b6 7. Ng3 d6 8. Be2
g6 9. b3 Bb7 10. f3 h5 11. h4 a5 12. a3 O-O 13. d4 d5 14. e4 dxe4 15. d5 exf3
16. gxf3 e4 17. f4 Qc5 18. Bb2 Nbd7 19. Qd2 b5 20. O-O-O bxc4 21. Bxc4 Ng4 22.
Rhe1 Qf2 23. Nxe4 Qxd2+ 24. Rxd2 Nb6 25. Nc5 Nxc4 26. bxc4 Ba6 27. Nxa6 Rxa6 28.
c5 Rc8 29. Re7 Kf8 30. Re4 f5 31. Ree2 Re8 32. Rxe8+ Kxe8 33. Re2+ Kd7 34. Kd2
Ra8 35. Re6 Rb8 36. Bd4 Rb3 37. c6+ Kd8 38. Rxg6 Rb5 39. Rg8+ Ke7 40. Rg7+ Ke8
41. d6 1-0

[Event "8th Asrian Memorial 2015"]
[Site "Yerevan ARM"]
[Date "2015.06.23"]
[Round "8.9"]
[White "Bakunts, Rafael"]
[Black "Krasenkow, Michal"]
[Result "1/2-1/2"]
[BlackTitle "GM"]
[WhiteElo "2270"]
[BlackElo "2604"]
[WhiteFideId "13304097"]
[BlackFideId "1113100"]
[EventDate "2015.06.16"]

1. e4 g6 2. d4 Bg7 3. Nc3 d6 4. Nf3 Nf6 5. Be2 O-O 6. O-O Bg4 7. Be3 c6 8. a4 a5
9. Nd2 Bxe2 10. Qxe2 e5 11. Nc4 exd4 12. Bxd4 Re8 13. Qd3 Re6 14. Rad1 Na6 15.
Qd2 Qe7 16. f3 Nb4 17. Rfe1 d5 18. exd5 cxd5 19. Rxe6 fxe6 20. Ne5 Nc6 21. Nb5
Nxd4 22. Nxd4 Nd7 23. Nxd7 Qxd7 24. b3 Qd6 25. Qe3 Re8 26. Nb5 Qc6 27. c3 e5 28.
Qd3 d4 29. Re1 e4 30. Rxe4 Rxe4 31. Qxe4 Qxe4 32. fxe4 dxc3 33. Na3 Bf8 34. Nc2
Kf7 35. Kf2 Ke6 36. Ke3 Ke5 37. Kd3 Bc5 38. Kxc3 Kxe4 39. Kd2 Bd6 40. h3 g5 41.
Ke2 h5 42. Ne3 Bb4 43. Nc2 g4 44. hxg4 hxg4 45. Ne3 Kd4 46. Nxg4 Kc3 47. Nf6
Kxb3 48. Kd3 Kxa4 49. Kc2 b5 50. g4 Ka3 51. g5 Be7 52. Ne4 b4 53. g6 Bf8 54. Kb1
b3 55. Nc5 a4 56. Ne6 Bh6 57. g7 Bxg7 58. Nxg7 Kb4 59. Ne6 a3 60. Nd4 b2 61.
Nc2+ Kb3 62. Nd4+ Kc3 63. Nb5+ Kb4 64. Nd4 1/2-1/2

[Event "8th Asrian Memorial 2015"]
[Site "Yerevan ARM"]
[Date "2015.06.23"]
[Round "8.10"]
[White "Hayrapetyan, Hovik"]
[Black "Baghdasaryan, Vahe"]
[Result "1-0"]
[WhiteTitle "GM"]
[BlackTitle "IM"]
[WhiteElo "2436"]
[BlackElo "2402"]
[WhiteFideId "13302639"]
[BlackFideId "13303139"]
[EventDate "2015.06.16"]

1. d4 d5 2. c4 c6 3. Nf3 Nf6 4. Nc3 e6 5. e3 Nbd7 6. Bd3 dxc4 7. Bxc4 b5 8. Bd3
Bd6 9. O-O Bb7 10. e4 e5 11. Bg5 O-O 12. a4 b4 13. Ne2 c5 14. d5 h6 15. Bxf6
Qxf6 16. Nd2 Qe7 17. Nc4 Nb6 18. Ne3 g6 19. a5 Nd7 20. Qc2 Rae8 21. f3 h5 22.
Bb5 Bc8 23. Nc4 Rd8 24. Rfd1 Nb8 25. Nxd6 Qxd6 26. Rac1 a6 27. Bd3 Nd7 28. Ng3
Qc7 29. Ra1 h4 30. Nf1 h3 31. g4 Bb7 32. Ne3 Kg7 33. Bf1 Rh8 34. Qf2 Qd6 35.
Rac1 Qf6 36. Bc4 Nf8 37. Be2 Rc8 38. Qg3 Nd7 39. Nc4 Rcd8 40. Bd3 Qe7 41. Bc2 f6
42. Ba4 Nf8 43. Qf2 f5 44. d6 Qf6 45. Qxc5 fxe4 46. Qxe5 exf3 47. Qe7+ Qf7 48.
Kf2 Ne6 49. Ne5 Qxe7 50. dxe7 Rxd1 51. Rxd1 Kf6 52. Nc4 Kxe7 53. Rd7+ Kf6 54.
Rxb7 Nc5 55. Rb6+ Kg5 56. Bd1 Rc8 57. Bxf3 Nd3+ 58. Ke3 Ne1 59. Ne5 Ng2+ 60.
Bxg2 hxg2 1-0

[Event "8th Asrian Memorial 2015"]
[Site "Yerevan ARM"]
[Date "2015.06.23"]
[Round "8.11"]
[White "Hakobyan, Aram"]
[Black "Sargsyan, Shant"]
[Result "1-0"]
[WhiteTitle "FM"]
[BlackTitle "CM"]
[WhiteElo "2283"]
[BlackElo "2256"]
[WhiteFideId "13306677"]
[BlackFideId "13306766"]
[EventDate "2015.06.16"]

1. e4 c5 2. Ne2 Nc6 3. Nbc3 e5 4. Nd5 Nge7 5. Nec3 d6 6. Bc4 Nxd5 7. Nxd5 Be6 8.
d3 Be7 9. O-O O-O 10. f4 exf4 11. Bxf4 Bf6 12. c3 Be5 13. Qh5 Bxf4 14. Rxf4 Ne5
15. Raf1 Ng6 16. R4f3 Qd7 17. Rg3 b5 18. Bb3 Rfe8 19. Ne3 Bxb3 20. axb3 Re5 21.
Nf5 Qe6 22. Rh3 Nf8 23. Qg5 Ng6 24. d4 Rxe4 25. Nxg7 Kxg7 26. Qh6+ Kg8 27. Qxh7+
Kf8 28. Rhf3 Nf4 29. Qh8+ Ke7 30. Qxa8 Re2 31. Rxf4 Qe3+ 32. R4f2 Rxf2 33. Rxf2
Qe1+ 34. Rf1 1-0

[Event "8th Asrian Memorial 2015"]
[Site "Yerevan ARM"]
[Date "2015.06.23"]
[Round "8.12"]
[White "Babujian, Levon"]
[Black "Manukyan, Sargis A."]
[Result "0-1"]
[WhiteTitle "GM"]
[WhiteElo "2459"]
[BlackElo "2189"]
[WhiteFideId "13301993"]
[BlackFideId "13303970"]
[EventDate "2015.06.16"]

1. e4 c5 2. Nc3 d6 3. f4 g6 4. Nf3 Bg7 5. Bc4 e6 6. d4 Nc6 7. Be3 b6 8. dxc5
dxc5 9. Qe2 a6 10. Rd1 Qc7 11. e5 Nh6 12. O-O O-O 13. Ng5 Nf5 14. Bf2 Ncd4 15.
Qg4 Bb7 16. Bd3 h6 17. Nf3 h5 18. Qh3 Nxf3+ 19. gxf3 Bh6 20. Ne2 Bc6 21. b3 Qb7
22. Bxf5 exf5 23. Bh4 Rae8 24. Kf2 Kh7 25. Rg1 Re6 26. Rd3 Rfe8 27. Qg2 b5 28.
Rgd1 b4 29. c4 bxc3 30. Rxc3 Bb5 31. Kg3 f6 32. Rxc5 g5 33. Nd4 fxe5 34. Nxe6
exf4+ 35. Nxf4 gxh4+ 36. Kh3 Bxf4 37. Rg1 Qf7 38. Rc2 Bd3 39. Rb2 Be3 40. Rd1 f4
41. Rxd3 Qf5+ 42. Kxh4 Rg8 43. Rd6 Rxg2 44. Rxg2 Bc5 45. Rg5 Bf2+ 0-1

[Event "8th Asrian Memorial 2015"]
[Site "Yerevan ARM"]
[Date "2015.06.23"]
[Round "8.13"]
[White "Mikaelyan, Arman"]
[Black "Tiraturyan, David"]
[Result "1-0"]
[WhiteTitle "IM"]
[WhiteElo "2437"]
[BlackElo "2232"]
[WhiteFideId "13304852"]
[BlackFideId "13304402"]
[EventDate "2015.06.16"]

1. g3 g6 2. Bg2 Bg7 3. e4 c5 4. Ne2 Nc6 5. Nbc3 e6 6. d3 Nge7 7. Be3 Nd4 8. O-O
O-O 9. Qd2 Rb8 10. f4 d6 11. Nd1 b5 12. c3 Nxe2+ 13. Qxe2 b4 14. g4 bxc3 15.
bxc3 f5 16. exf5 gxf5 17. g5 Ng6 18. Rc1 Qd7 19. Qf2 h6 20. gxh6 Bxh6 21. d4 Kh7
22. dxc5 dxc5 23. Kh1 Bb7 24. Bxb7 Qxb7+ 25. Qf3 c4 26. Qxb7+ Rxb7 27. Rc2 Rd8
28. Nb2 Rc7 29. Re2 Kg8 30. h4 Kf7 31. h5 Ne7 32. Bd4 Nd5 33. Be5 Rc6 34. Rd2
Bg7 35. Bxg7 Kxg7 36. Rg1+ Kf6 37. Rg6+ Kf7 38. Rd4 Rh8 39. Rg5 Kf6 40. Rxd5
exd5 41. Rg6+ Ke7 42. Rxc6 Rxh5+ 43. Kg2 Rh4 44. Kg3 Rh1 45. Rc7+ Kd6 46. Rxa7
Rc1 47. Na4 Kc6 48. Ra5 Rc2 49. Kf3 Rd2 50. Ke3 Rd3+ 51. Ke2 Rh3 52. a3 Rh1 53.
Rc5+ Kd6 54. Rb5 Rh2+ 55. Kf3 Ra2 56. Rb6+ Kc7 57. Ke3 Rxa3 58. Ra6 Ra1 59. Kd4 1-0

[Event "8th Asrian Memorial 2015"]
[Site "Yerevan ARM"]
[Date "2015.06.23"]
[Round "8.14"]
[White "Fendereski, Nima"]
[Black "Chibukhchian, Artur"]
[Result "1/2-1/2"]
[BlackTitle "GM"]
[WhiteElo "2180"]
[BlackElo "2423"]
[WhiteFideId "12533807"]
[BlackFideId "13300717"]
[EventDate "2015.06.16"]

1. e4 c5 2. Nf3 Nc6 3. d4 cxd4 4. Nxd4 Qb6 5. Nxc6 bxc6 6. Nc3 g6 7. Bc4 Bg7 8.
Qf3 e6 9. Bb3 Ne7 10. Bg5 f6 11. Bxf6 O-O 12. e5 Nd5 13. Nxd5 cxd5 14. O-O-O Bb7
15. h4 Bxf6 16. exf6 Qd8 17. h5 Qxf6 18. hxg6 hxg6 19. Qh3 Rf7 20. Rd3 Raf8 21.
Rg3 Rg7 22. Rf3 Qg5+ 23. Kb1 Qh5 24. Rxf8+ Kxf8 25. Qxh5 gxh5 26. g3 Rf7 27. Rh2
d4 28. Kc1 Rf5 29. Kd2 Bf3 30. Bc4 Kg7 31. b4 e5 32. Be2 Kf6 33. a4 Kg5 34. b5
e4 35. Rh4 Bxe2 36. Kxe2 d5 37. Rf4 Rxf4 38. gxf4+ Kg4 39. a5 h4 40. b6 axb6 41.
axb6 h3 42. b7 h2 43. b8=Q h1=Q 44. Qg8+ Kxf4 45. Qf7+ Ke5 46. Qe7+ 1/2-1/2

[Event "8th Asrian Memorial 2015"]
[Site "Yerevan ARM"]
[Date "2015.06.23"]
[Round "8.15"]
[White "Nadanian, Ashot"]
[Black "Gaboyan, Susanna"]
[Result "1/2-1/2"]
[WhiteTitle "IM"]
[WhiteElo "2380"]
[BlackElo "2153"]
[WhiteFideId "13300393"]
[BlackFideId "13303627"]
[EventDate "2015.06.16"]

1. d4 Nf6 2. c4 g6 3. Nc3 d5 4. Nf3 Bg7 5. cxd5 Nxd5 6. Na4 O-O 7. e4 Nb6 8. Be3
Nc6 9. Be2 Bg4 10. d5 Ne5 11. Nxe5 Bxe2 12. Qxe2 Bxe5 13. Nc5 c6 14. f4 Bg7 15.
dxc6 bxc6 16. O-O Qc7 17. Rac1 Rfd8 18. Rc2 Bd4 19. Qf2 Bxe3 20. Qxe3 Rd6 21. f5
Nd7 22. e5 Rd5 23. e6 Nxc5 24. exf7+ Kxf7 25. fxg6+ Kxg6 26. Rc4 h6 27. Rxc5
Rxc5 28. Qe6+ Kg5 29. g3 Qe5 30. h4+ Kh5 31. Qf7+ Kg4 32. Qf3+ Kh3 33. Qg2+ Kg4
34. Qf3+ Kh3 35. Qg2+ 1/2-1/2

[Event "8th Asrian Memorial 2015"]
[Site "Yerevan ARM"]
[Date "2015.06.23"]
[Round "8.16"]
[White "Martirosyan, Haik M."]
[Black "Eranyan, Khachatur"]
[Result "1-0"]
[WhiteTitle "FM"]
[WhiteElo "2344"]
[BlackElo "2112"]
[WhiteFideId "13306553"]
[BlackFideId "13300342"]
[EventDate "2015.06.16"]

1. Nf3 Nf6 2. c4 e6 3. Nc3 d5 4. d4 Be7 5. Bg5 O-O 6. e3 b6 7. cxd5 exd5 8. Bd3
Bb7 9. O-O Ne4 10. Bf4 Nd7 11. Rc1 Nxc3 12. Rxc3 c5 13. dxc5 bxc5 14. Qb1 h6 15.
Rd1 Bf6 16. Rcc1 Qb6 17. b3 Rfe8 18. Qc2 d4 19. e4 g5 20. Bg3 Ne5 21. Bxe5 Bxe5
22. Qxc5 Bf4 23. Rc4 Qxc5 24. Rxc5 g4 25. Rf5 gxf3 26. Rxf4 fxg2 27. Bc4 Re7 28.
Rxd4 Kf8 29. Kxg2 Rae8 30. f3 Kg7 31. Rd6 a5 32. Rdf6 Rf8 33. R6f5 1-0

[Event "8th Asrian Memorial 2015"]
[Site "Yerevan ARM"]
[Date "2015.06.23"]
[Round "8.17"]
[White "Gharibyan, Mamikon"]
[Black "Torosyan, Norayr"]
[Result "0-1"]
[WhiteTitle "CM"]
[WhiteElo "1952"]
[BlackElo "2336"]
[WhiteFideId "13308300"]
[BlackFideId "13300431"]
[EventDate "2015.06.16"]

1. d4 Nf6 2. Nf3 e6 3. c4 c5 4. d5 exd5 5. cxd5 d6 6. g3 g6 7. Bg2 Bg7 8. O-O
O-O 9. Nc3 Re8 10. Nd2 a6 11. a4 Nbd7 12. Nc4 Ne5 13. Nxe5 Rxe5 14. Bf4 Re8 15.
e4 Ng4 16. h3 Ne5 17. Qb3 Rb8 18. a5 b5 19. axb6 Rxb6 20. Qc2 f5 21. Rad1 fxe4
22. Nxe4 Rxb2 23. Qxb2 Nf3+ 24. Bxf3 Bxb2 25. Nxd6 g5 26. Nxc8 gxf4 27. d6 fxg3
28. Ne7+ Kh8 29. Nc6 Qd7 30. fxg3 c4 31. Rf2 Ba3 32. Kg2 Bxd6 33. Rc2 Rf8 34.
Rxc4 Qf7 35. Bd5 Qf2+ 0-1

[Event "8th Asrian Memorial 2015"]
[Site "Yerevan ARM"]
[Date "2015.06.23"]
[Round "8.18"]
[White "Hambardzumian, Yuri"]
[Black "Davtyan, Artur"]
[Result "1-0"]
[WhiteTitle "IM"]
[WhiteElo "2322"]
[BlackElo "1988"]
[WhiteFideId "13302795"]
[BlackFideId "13308327"]
[EventDate "2015.06.16"]

1. d4 Nf6 2. c4 e6 3. Nf3 b6 4. a3 Bb7 5. Nc3 d5 6. Bg5 Be7 7. e3 O-O 8. Rc1
Nbd7 9. cxd5 exd5 10. Qa4 a6 11. Be2 c5 12. O-O Rc8 13. Rfd1 c4 14. Ne5 b5 15.
Qc2 Ne4 16. Nxe4 dxe4 17. Bxe7 Qxe7 18. Nxd7 Qxd7 19. d5 Bxd5 20. Qd2 Rfd8 21.
Qa5 Qc7 22. Qxa6 Bc6 23. Bg4 Rxd1+ 24. Rxd1 Rf8 25. a4 Ra8 26. Rd7 Qxd7 27.
Qxa8+ Bxa8 28. Bxd7 b4 29. Bg4 b3 30. Bd1 Bc6 31. a5 Bb5 32. f3 f5 33. fxe4 fxe4
34. Kf2 Kf8 35. Ke1 c3 36. bxc3 b2 37. Bc2 Bd3 38. Kd2 Ke7 39. a6 Bxa6 40. Bxe4
Bb7 41. Bxh7 Bxg2 42. Kc2 Bd5 43. Kxb2 Kd6 44. Bd3 Kc5 45. Kc2 Be6 46. Kd2 Kd6
47. Be4 Kc5 48. Bb7 g5 49. e4 Kd6 50. Ke3 Ke5 51. Bd5 Bd7 52. c4 Bc8 53. c5 Ba6
54. Bc6 Bc8 55. Be8 Be6 56. c6 Kd6 57. Kd4 Bg4 58. e5+ Ke7 59. Bd7 Bf3 60. Kc5 1-0

[Event "8th Asrian Memorial 2015"]
[Site "Yerevan ARM"]
[Date "2015.06.23"]
[Round "8.19"]
[White "Mari Ooriad, Pouya"]
[Black "Morchiashvili, Bachana"]
[Result "0-1"]
[BlackTitle "IM"]
[WhiteElo "2200"]
[BlackElo "2317"]
[WhiteFideId "12504726"]
[BlackFideId "13602535"]
[EventDate "2015.06.16"]

1. e4 c5 2. Nf3 e6 3. Nc3 a6 4. d4 cxd4 5. Nxd4 Qc7 6. Qf3 Nf6 7. Bg5 Be7 8. Be2
d6 9. Qd3 Nbd7 10. f4 b5 11. Bf3 b4 12. e5 bxc3 13. Bxa8 cxb2 14. Rd1 dxe5 15.
fxe5 Nh5 16. Qe3 Bb4+ 17. Ke2 h6 18. Bh4 Qc4+ 19. Kf2 O-O 20. Bf3 f6 21. exf6
Ndxf6 22. Bxf6 Nxf6 23. Qd3 Qxd3 24. Rxd3 e5 25. Nb3 e4 26. Rd4 exf3 27. Rxb4
Ng4+ 28. Rxg4 fxg2+ 29. Kxg2 Bb7+ 30. Kh3 Rf3+ 31. Kh4 g5+ 32. Kh5 Kh7 33. h4
Rxb3 34. Rb1 Rh3 35. Rxg5 Bf3+ 0-1

[Event "8th Asrian Memorial 2015"]
[Site "Yerevan ARM"]
[Date "2015.06.23"]
[Round "8.22"]
[White "Manukyan, Sargis V."]
[Black "Mnatsakanian, Eduard A"]
[Result "1-0"]
[WhiteTitle "FM"]
[BlackTitle "IM"]
[WhiteElo "2296"]
[BlackElo "2101"]
[WhiteFideId "13303465"]
[BlackFideId "13300083"]
[EventDate "2015.06.16"]

1. d4 d5 2. c4 dxc4 3. e3 e5 4. Bxc4 exd4 5. exd4 Nf6 6. Nf3 Be7 7. O-O O-O 8.
h3 Nbd7 9. Nc3 Nb6 10. Bb3 c6 11. Re1 Nbd5 12. Qd3 Re8 13. a3 Qd6 14. Ne5 Be6
15. Bc2 Rad8 16. Bg5 g6 17. Qf3 Nxc3 18. bxc3 Bc8 19. Nc4 Qd5 20. Rxe7 1-0

[Event "8th Asrian Memorial 2015"]
[Site "Yerevan ARM"]
[Date "2015.06.24"]
[Round "9.2"]
[White "Hovhannisyan, Robert"]
[Black "Oleksiyenko, Mykhaylo"]
[Result "1/2-1/2"]
[WhiteTitle "GM"]
[BlackTitle "GM"]
[WhiteElo "2599"]
[BlackElo "2629"]
[WhiteFideId "13302507"]
[BlackFideId "4152417"]
[EventDate "2015.06.16"]

1. e4 e5 2. Nf3 Nc6 3. Bb5 f5 4. d3 fxe4 5. dxe4 Nf6 6. O-O Bc5 7. Qd3 Nd4 8.
Nxd4 Bxd4 9. Nd2 a6 10. Ba4 O-O 11. Nf3 Ba7 12. Nxe5 Qe7 13. Nf3 Qxe4 14. Qxe4
Nxe4 15. Bb3+ Kh8 16. Be3 Bxe3 17. fxe3 h6 18. Ne5 Rxf1+ 19. Rxf1 Nf6 20. c3 Kh7
21. Nf7 Ne8 22. e4 d6 23. e5 dxe5 24. Nxe5 Nf6 25. Nf7 h5 26. Ng5+ Kh6 27. h4
Bd7 28. Bc2 Be8 29. Re1 Bg6 30. Bxg6 Kxg6 31. Re7 Re8 32. Rxc7 Re2 33. Rxb7 Ng4
34. Nf3 Rc2 35. Rb6+ Kf7 36. Ng5+ Ke7 37. g3 a5 38. a4 Kd7 39. Ne6 Rc1+ 40. Kg2
Rc2+ 41. Kf3 Rf2+ 42. Ke4 Re2+ 43. Kf5 Re5+ 44. Kg6 Rxe6+ 45. Rxe6 Kxe6 46. b4
axb4 47. cxb4 Nf6 48. a5 Kd6 49. a6 Kc6 50. b5+ Kb6 51. Kf5 Ka7 52. Kg5 Kb6 53.
Kg6 Ka7 54. Kxg7 Ne4 55. Kf7 Nxg3 56. Ke6 Ne2 57. Kf5 Nd4+ 58. Kg5 Nxb5 59. Kxh5
Nd4 60. Kg4 Ne6 61. Kf5 Ng7+ 62. Kg6 Ne6 63. Kf5 Ng7+ 1/2-1/2

[Event "8th Asrian Memorial 2015"]
[Site "Yerevan ARM"]
[Date "2015.06.24"]
[Round "9.3"]
[White "Areshchenko, Alexander"]
[Black "Pashikian, Arman"]
[Result "1/2-1/2"]
[WhiteTitle "GM"]
[BlackTitle "GM"]
[WhiteElo "2656"]
[BlackElo "2604"]
[WhiteFideId "14109530"]
[BlackFideId "13301578"]
[EventDate "2015.06.16"]

1. e4 e5 2. Nf3 Nc6 3. Bb5 Nf6 4. O-O Nxe4 5. Re1 Nd6 6. Nxe5 Be7 7. Bf1 Nf5 8.
Nf3 d5 9. d4 O-O 10. c3 Bd6 11. Bd3 Re8 12. Rxe8+ Qxe8 13. Nbd2 b6 14. Nf1 f6
15. Bd2 1/2-1/2

[Event "8th Asrian Memorial 2015"]
[Site "Yerevan ARM"]
[Date "2015.06.24"]
[Round "9.4"]
[White "Ter-Sahakyan, Samvel"]
[Black "Grigoryan, Karen H."]
[Result "1-0"]
[WhiteTitle "GM"]
[BlackTitle "GM"]
[WhiteElo "2586"]
[BlackElo "2590"]
[WhiteFideId "13302531"]
[BlackFideId "13301004"]
[EventDate "2015.06.16"]

1. e4 c5 2. Nf3 d6 3. d4 cxd4 4. Nxd4 Nf6 5. Nc3 g6 6. Be3 Bg7 7. f3 Nc6 8. Qd2
O-O 9. O-O-O d5 10. exd5 Nxd5 11. Nxc6 bxc6 12. Bd4 e5 13. Bc5 Be6 14. Ne4 Rb8
15. Bc4 Re8 16. Bb3 a5 17. a4 Rxb3 18. cxb3 Qb8 19. Qc2 Nf4 20. Bd6 Qxb3 21.
Qxb3 Bxb3 22. Nc5 Bxd1 23. Rxd1 Nd5 24. Nb7 Ra8 25. Kb1 Ra7 26. Nd8 Ne3 27. Bc5
Nxd1 28. Bxa7 e4 29. b3 e3 30. Kc2 e2 31. Kd2 Nc3 32. Nxc6 Bh6+ 33. Ke1 Bf8 34.
Bd4 Na2 35. Be3 1-0

[Event "8th Asrian Memorial 2015"]
[Site "Yerevan ARM"]
[Date "2015.06.24"]
[Round "9.5"]
[White "Andriasian, Zaven"]
[Black "Hayrapetyan, Hovik"]
[Result "1/2-1/2"]
[WhiteTitle "GM"]
[BlackTitle "GM"]
[WhiteElo "2600"]
[BlackElo "2436"]
[WhiteFideId "13302000"]
[BlackFideId "13302639"]
[EventDate "2015.06.16"]

1. e4 c5 2. Nf3 e6 3. g3 d5 4. exd5 exd5 5. d4 Nc6 6. Bg2 Bg4 7. O-O Nxd4 8.
Qe1+ Be7 9. Nxd4 cxd4 10. Qe5 Nf6 11. Qxd4 O-O 12. Nc3 Be6 13. Bf4 Qa5 14. Rad1
Rfd8 15. Be5 Rac8 16. Qf4 Rc4 17. Rd4 Rxd4 18. Bxd4 b5 19. Be5 Qa6 20. Rd1 Qc6
21. a3 h6 22. h3 a6 23. Qe3 Rd7 24. Rd2 Qc8 25. Kh2 Bc5 26. Bd4 Bxd4 27. Rxd4
Rd8 28. Qd2 Qc5 29. Nd1 Nd7 30. Ne3 Nb6 31. Qb4 Qxb4 32. axb4 Kf8 33. b3 Ke7 34.
Kg1 g5 35. f4 f6 36. Kf2 h5 37. h4 g4 38. Ke2 Rc8 39. Kd2 Rd8 40. Kc3 Rc8+ 41.
Kb2 Rd8 42. c3 Rd7 43. Rd1 Rd8 44. Nc2 Kd6 45. Nd4 Bd7 46. Kc2 Re8 47. Kd2 Na8
48. Bf1 Nc7 49. Ra1 Bc8 50. Bd3 Rg8 51. Bh7 Rg7 52. Bf5 Bd7 53. Re1 Re7 54. Rxe7
Kxe7 55. Bg6 Be8 56. f5 Kf8 57. Bxe8 Nxe8 58. Ke3 Ke7 59. Kf4 Nd6 60. Nc6+ Ke8
61. Nd4 Ke7 62. Nc6+ Ke8 63. Nd4 Ke7 1/2-1/2

[Event "8th Asrian Memorial 2015"]
[Site "Yerevan ARM"]
[Date "2015.06.24"]
[Round "9.7"]
[White "Petrosyan, Manuel"]
[Black "Petrosyan, Tigran S."]
[Result "1/2-1/2"]
[WhiteTitle "IM"]
[BlackTitle "IM"]
[WhiteElo "2449"]
[BlackElo "2423"]
[WhiteFideId "13300857"]
[BlackFideId "13303678"]
[EventDate "2015.06.16"]

1. Nf3 d5 2. g3 c5 3. Bg2 Nc6 4. d4 e6 5. O-O Nf6 6. c4 dxc4 7. Qa4 Bd7 8. Qxc4
b5 9. Qd3 c4 10. Qd1 Rc8 11. b3 Be7 12. bxc4 bxc4 13. Nc3 O-O 14. Bd2 Be8 15. e3
Nb4 16. Ne5 Nd7 17. a3 Nd5 18. Nxd7 Qxd7 19. Qe2 Qd8 20. Rfd1 Nxc3 21. Bxc3 Ba4
22. Rd2 Qb6 23. Rb2 Bb3 24. Qd2 Qb5 25. a4 Qd7 26. Rbb1 Rb8 27. a5 a6 28. e4 Rb5
29. d5 exd5 30. exd5 Qd6 31. Re1 Bf6 32. Rac1 Bxc3 33. Qxc3 h6 34. Re3 Qb4 35.
Qd4 Qd6 36. Qd2 Qb4 37. Qd4 Qd6 38. Qd2 1/2-1/2